Costa Rica contemporánea. Capítulo 5

Na minha lista:
Detalhes bibliográficos
Autor principal: Zelaya Goodman, Chester
Formato: Texto
Publicado em: San José: Editorial Costa Rica
Tags: Adicionar Tag
Sem tags, seja o primeiro a adicionar uma tag!

MARC

LEADER 00000 a a2200000 04500
001 25941
003
040
090 |a 174405  
100 |a Zelaya Goodman, Chester  
245 |a Costa Rica contemporánea. Capítulo 5  
260 |a San José:   |b Editorial Costa Rica  
300 |a 313 p.  
999 |c 16088  |d 16088